000 00363nam a2200145Ia 4500
008 150201s2002 xx 000 0 und d
082 _a610
_bA02B
100 _aBROWN, ANTHONY F.T.
245 _aACCITENT AND EMERGENCY : DIAGNOSIS AND MANAGEMENT
250 _a4TH
260 _bARNOLD
_aLONDON
_c2002
300 _a442
650 _aMEDICINE
942 _2ddc
_cBK
_04
999 _c2241
_d2241